Prameň šachovej veľrieky

Bibliographic Details
Main Author: Báňas, Ján, 1947-2024 (Author)
Format: Article
Language:Slovak
PhysicalDescription:Obr. 8.
Subjects:

MARC

LEADER 00000nab a2200000 a 4500
001 vtls000012488
003 SK-MaSNL
005 20260304013432.0
008 111103c1978 xo 0 slo
015 |a SNBRB19rr/mm-uuuuu 
035 |a CL0022582 
040 |a SNKBUCL  |b slo  |c SNKBUCL  |e AACR2 
041 0 |a slo 
044 |a xo  |c SK 
080 |a 794  |2 1981 
100 1 |a Báňas, Ján,  |d 1947-2024  |4 aut  |9 249458 
245 1 0 |a Prameň šachovej veľrieky  |c Ján Báňas 
300 |b Obr. 8. 
650 0 7 |a šach  |2 snkbucl  |9 3315 
655 7 |a články z novín a časopisov  |2 snkbucl  |9 267496 
773 0 |t Smena  |g Roč. 31, č. 268 (13. 11. 1978), s. 6 
850 |a Slovenská národná knižnica v Martine  |a MTA001 
852 |a SNK  |b KIS3GCP 
958 |a RK 
992 |a RBX 
999 |c 2575790  |d 2577720